书目信息 |
| 题名: |
易卜生戏剧集
|
|
| 作者: | 易卜生, 著 ;萧乾 , 成时 , 潘家洵 译 | |
| 分册: | 3 | |
| 出版信息: | 北京 人民文学出版社 2006.04 |
|
| 页数: | 528页,[1]页图版 | |
| 开本: | 21cm | |
| 丛书名: | ||
| 单 册: | ||
| 中图分类: | I533.34 | |
| 科图分类: | ||
| 主题词: | 戏剧--xi ju--剧本--挪威--近代--选集 | |
| 电子资源: | ||
| ISBN: | 7-02-005535-4 | |
| 000 | 01060nam0 2200253 450 | |
| 001 | 012007615854 | |
| 005 | 20070622170417.84 | |
| 010 | @a7-02-005535-4@dCNY97.00 (全3册) | |
| 100 | @a20070417d2006 km y0chiy0120 ea | |
| 101 | 1 | @achi@ceng |
| 102 | @aCN@b110000 | |
| 105 | @aacf z 000yy | |
| 200 | 1 | @a易卜生戏剧集@Ayi bo sheng xi ju ji@h3@f(挪威) 易卜生著@F(nuo wei)yi bo sheng zhu@g潘家洵, 萧乾, 成时译@Gpan jia xun,xiao qian,cheng shi yi |
| 210 | @a北京@c人民文学出版社@d2006.04 | |
| 215 | @a528页,[1]页图版@c图, 肖像@d21cm | |
| 330 | @a本戏剧集共收入易卜生创作的十五部社会问题剧,其中包括我国读者熟悉的《玩偶之家》、《培尔金特》、《社会支柱》、《群鬼》等,所收译文除两篇为萧乾和成时翻译外,其余均出自我国著名翻译家潘家洵之手。著名诗人、 | |
| 606 | 0 | @a戏剧@Axi ju@x剧本@y挪威@z近代@j选集 |
| 690 | @aI533.34@v4 | |
| 701 | 1 | @a易卜生,@Ayi bo sheng,@g(Ibsen, Henrik),@f1828-1906@4著 |
| 702 | 0 | @a萧乾@Axiao qian@4译 |
| 702 | 0 | @a成时@Acheng shi@4译 |
| 702 | 0 | @a潘家洵@Apan jia xun@4译 |
| 801 | 0 | @aCN@c20070622 |
| 905 | @a10447@dI533.34@eY547:3 | |
| 易卜生戏剧集.3/(挪威) 易卜生著/潘家洵, 萧乾, 成时译.-北京:人民文学出版社,2006.04 |
| 528页,[1]页图版:图, 肖像;21cm |
| ISBN 7-02-005535-4:CNY97.00 (全3册) |
| 本戏剧集共收入易卜生创作的十五部社会问题剧,其中包括我国读者熟悉的《玩偶之家》、《培尔金特》、《社会支柱》、《群鬼》等,所收译文除两篇为萧乾和成时翻译外,其余均出自我国著名翻译家潘家洵之手。著名诗人、 |
| ● |
| 相关链接 |
|
|
|
正题名:易卜生戏剧集
索取号:I533.34/Y547:3
 
预约/预借
| 序号 | 登录号 | 条形码 | 馆藏地/架位号 | 状态 | 备注 |
| 1 | 241340 | 202413405 | 社科二线422/422社科库 31排3列1层/ [索取号:I533.34/Y547:3] | 在馆 | |
| 2 | 241341 | 202413414 | 社科二线422/422社科库 31排3列1层/ [索取号:I533.34/Y547:3] | 在馆 | |
| 3 | 241342 | 202413423 | 社科二线422/422社科库 31排3列1层/ [索取号:I533.34/Y547:3] | 在馆 |